Indian stock market : (Record no. 123726)

MARC details
000 -LEADER
fixed length control field 00819nam a22002417a 4500
005 - DATE AND TIME OF LATEST TRANSACTION
control field 20170124105929.0
010 ## - LIBRARY OF CONGRESS CONTROL NUMBER
LC control number B-019029
020 ## - INTERNATIONAL STANDARD BOOK NUMBER
International Standard Book Number 8176292028
Terms of availability 00.00
035 ## - SYSTEM CONTROL NUMBER
System control number B-019029
037 ## - SOURCE OF ACQUISITION
Source of stock number/acquisition Cen Lib/Ret
040 ## - CATALOGING SOURCE
Original cataloging agency DPL
Language of cataloging EN
082 ## - DEWEY DECIMAL CLASSIFICATION NUMBER
Classification number 322.63220954
Item number SHA
100 ## - MAIN ENTRY--PERSONAL NAME
Personal name Sharma, A.K.
9 (RLIN) 74440
245 ## - TITLE STATEMENT
Title Indian stock market :
Statement of responsibility, etc by A.K. Sharma [and] G.S. Batra
Remainder of title regulation, performance and policy perspective /
260 ## - PUBLICATION, DISTRIBUTION, ETC. (IMPRINT)
Place of publication, distribution, etc New Delhi
Name of publisher, distributor, etc Deep and Deep Publications
Date of publication, distribution, etc 2000
270 ## - ADDRESS
Address F-159, Rajouri Garden
City New Delhi
Postal code 110027
300 ## - PHYSICAL DESCRIPTION
Extent xiii,154p.
Dimensions 21cm(Hb)
500 ## - GENERAL NOTE
General note Includes bibliographical references and index
650 ## - SUBJECT ADDED ENTRY--TOPICAL TERM
Topical term or geographic name as entry element Stock exchanges -- India.
9 (RLIN) 13460
650 ## - SUBJECT ADDED ENTRY--TOPICAL TERM
Topical term or geographic name as entry element Stock exchanges.
9 (RLIN) 74441
700 ## - ADDED ENTRY--PERSONAL NAME
Personal name Batra, G.S.
9 (RLIN) 7837
942 ## - ADDED ENTRY ELEMENTS (KOHA)
Source of classification or shelving scheme Dewey Decimal Classification
Koha item type English Books
Classification part 322.63220954
Call number suffix SHA
Holdings
Withdrawn status Lost status Damaged status Not for loan Home library Current library Date acquired Source of acquisition Cost, normal purchase price Total Checkouts Total Renewals Full call number Barcode Date last seen Date checked out Copy number Cost, replacement price Price effective from Koha item type
        Central Library Central Library 11/06/2015 Cen Lib/Ret 0.00 2 2 322.63220954 SHA B-019029 08/02/2023 20/12/2022 1 0.00 11/06/2015 English Books

© Delhi Public Library
Hit Counter
free hit counter